000 00896nam a2200265 i 4500
001 19449
003 ES-MaACL
005 20250809051258.0
007 t|
008 020828s2001 sp |||| | spa d
020 _a84-460-1536-6
080 _a1(4)"18/19"
100 1 _aGivone, Sergio.
_957382
245 1 0 _aVoz y disidencia
_b: la configuración del espíritu filosófico europeo entre los siglos XIX y XX /
_cSergio Givone ; traducción, Carolina del Olmo y César Rendueles.
260 _aTres Cantos (Madrid) :
_bAkal,
_c[2001]
300 _a111 p. ;
_c24 cm.
490 1 _aAkal HIPECU ;
_v47
650 1 4 _aFilosofía-
_zEuropa-
_yS.XIX.
_9160318
650 0 4 _aFilosofía-
_zEuropa-
_yS.XX.
_912812
700 1 _aOlmo, Carolina del.
_986972
700 1 _aRendueles, César.
_996205
830 0 0 _aAkal HIPECU
_v47
_9183048
852 _aES-MaACL
_jL-25883
999 _c19449
_d19449